000 00254nam a2200097Ia 4500
001 703948
005 20250826162401.0
008 250824s9999 xx 000 0 und d
245 0 _aOLÖAK VE SAHİP OLMAK
_cBRİGİTTEN LABBE
260 _bGÜNIŞIĞI YAYINLARI
999 _c703948
_d703948